Quiz Voiture: trouvez la marque en fonction de la voiture #8 - Statistiques

Statistiques générales
  • Ce quiz a été pris 181 fois
  • Le résultat moyen est 4 sur 16
Statistiques - réponses
Par images Réponse % Correct
ABT
82%
Mustang
77%
Ruf
49%
Datsun
33%
Lotec
30%
Noble
28%
Ultima
27%
SSC
25%
Pininfarina
16%
Ligier
15%
Lagonda
12%
Piaggio
9%
Chatenet
6%
Austin
3%
Proton
3%
Lifan
1%
Aucun quiz correspondant
Distribution des résultats
% des personnes avec chaque résultat
Percentile par nombre de réponses
Votre historique - résultats
Vous n’avez pas pris ce quiz